Some results about the affine Hjelmslev plane

Zavedenie súradnicového systému v Afinnej Hjelmslevovej rovine nad špeciálnym lokálnym okruhom. Model afinnej Hjelmslevovej roviny bol použitý pri plánovaní experimentov.

Gespeichert in:
Bibliographische Detailangaben
1. Verfasser: Jurga, Rastislav
Format: Buchkapitel
Sprache:Englisch
Schlagworte:
Tags: Tag hinzufügen
Keine Tags, Fügen Sie das erste Tag hinzu!

MARC

LEADER 00000naa a2200000 4500
001 0143907
005 20240502072559.1
041 0 |a eng 
044 |a SK 
245 1 0 |a Some results about the affine Hjelmslev plane  |c Rastislav Jurga 
520 |a Zavedenie súradnicového systému v Afinnej Hjelmslevovej rovine nad špeciálnym lokálnym okruhom. Model afinnej Hjelmslevovej roviny bol použitý pri plánovaní experimentov. 
610 2 0 |a plánovanie 
610 2 0 |a modely ekonomicko-matematické 
610 2 0 |a experimenty 
100 1 |a Jurga, Rastislav